|
|
|
|
| LEADER |
01109nam a22002411a 4500 |
| 001 |
000694800 |
| 003 |
CZ BrMZK |
| 005 |
20230711205946.0 |
| 007 |
ta |
| 008 |
031029s1810 xr f cze d |
| 015 |
|
|
|a cnb002174950
|z cnb002173984
|
| 040 |
|
|
|a BOA001
|b cze
|c BOA001
|
| 100 |
1 |
|
|a Fischer, Josef Vladislav,
|d 1785-1862
|7 jk01031274
|4 aut
|
| 245 |
1 |
0 |
|a Prawdowěrné wyloženj pamětihodného žiwota a mučedlnjckého přjběhu Jana Sarkandra, faráře w Holessowě :
|b an roku 1620 we zdwiženj Morawanů od nekatolických w Holomaucy ukrutným mučenjm usmrcen byl : s přjdawkem spráwy z Řjma a geho tam wedené přj, neb saudném gednánj, o geho wyhlássenj za swatého /
|c Josef Vladislav Fischer
|
| 260 |
|
|
|a Brno :
|b J.V. Fischer,
|c 1810
|
| 300 |
|
|
|a 19 s.
|
| 500 |
|
|
|a Dostupné též v digitalizované podobě v aplikaci Kramerius
|
| 856 |
4 |
1 |
|u http://www.digitalniknihovna.cz/mzk/uuid/uuid:0f49d82b-09df-11e1-b44d-0050569d679d
|y Digitalizovaný dokument
|
| 910 |
|
|
|a BOA001
|b 1-0025.100
|b 1-0035.049
|
| 920 |
|
|
|a 000723427
|
| 964 |
|
|
|a Moravika - stol. 19.
|
| 990 |
|
|
|a BK
|
| 991 |
|
|
|p NDK 2011/30
|